[Event "Beacon Seniors op"]
[Site "Exmouth"]
[Date "2006.11.15"]
[Round "3"]
[White "Taylor, Michael AJ"]
[Black "Jones, Robert H"]
[Result "1/2-1/2"]
[WhiteElo "1704"]
[BlackElo "1568"]
[PlyCount "85"]
[EventDate "2006.11.13"]
[EventType "swiss"]
[EventRounds "5"]
[EventCountry "ENG"]
[SourceTitle "EXT 2008"]
[Source "ChessBase"]
[SourceDate "2007.11.25"]
[SourceVersion "1"]
[SourceVersionDate "2007.11.25"]
[SourceQuality "1"]

1. Nf3 c5 2. d3 d6 3. g3 Nc6 4. Bg2 g6 5. e4 Bg7 6. Nbd2 Nf6 7. 0-0 0-0 8. a4 Bd7 9. Nc4 a6 10. a5 Be6 11. e5 Ng4 12. exd6 exd6 13. h3 Nf6 14. Ng5 Bxc4 15. Bxc6 Bxd3 16. Qxd3 bxc6 17. c3 d5 18. Be3 c4 19. Qc2 Qd7 20. Kg2 Rab8 21. Nf3 Rfe8 22. Bb6 Qd6 23. Rfe1 Ne4 24. Nd2 Nc5 25. Rad1 Rxe1 26. Rxe1 Nd7 27. Be3 Rb5 28. Bf4 Be5 29. Bh6 Qb8 30. Qc1 Bg7 31. Bxg7 Kxg7 32. Re7 Qd6 33. Qe1 Rxb2 34. Nf3 Kf6 35. g4 Nc5 36. g5+ Kg7 37. Nd4 Ne4 38. Ne6+ Qxe6 39. Rxe6 fxe6 40. Qe3 Rxf2+ 41. Kg1 c5 42. Qc1 Rf5 43. h4 1/2-1/2

[Event "Beacon Seniors op 60+"]
[Site "Exmouth"]
[Date "2005.11.15"]
[Round "2"]
[White "Taylor, Michael AJ"]
[Black "Deakin, Clive"]
[Result "1/2-1/2"]
[WhiteElo "1648"]
[BlackElo "1448"]
[PlyCount "46"]
[EventDate "2005.11.14"]
[EventType "swiss"]
[EventRounds "5"]
[EventCountry "ENG"]
[SourceTitle "EXT 2007"]
[Source "ChessBase"]
[SourceDate "2006.11.23"]
[SourceVersion "1"]
[SourceVersionDate "2006.11.23"]
[SourceQuality "1"]

1. Nf3 Nf6 2. g3 b6 3. Bg2 Bb7 4. 0-0 e6 5. d3 Be7 6. Nbd2 d5 7. Qe1 0-0 8. b3 Nc6 9. Bb2 Rb8 10. a3 a5 11. Qc1 Re8 12. e4 dxe4 13. dxe4 Bf8 14. c4 Nd7 15. Qc2 Nc5 16. Rad1 Re7 17. Nb1 Qe8 18. Ne5 f6 19. Nxc6 Qxc6 20. f3 Qe8 21. Rd2 Rd7 22. Rfd1 Rxd2 23. Rxd2 Rd8 1/2-1/2